• 首页
  • 本馆介绍
  • 公告通知
  • 最新文献
  • 馆藏检索
  • 电子资源
  • 读者荐购
  • 参考咨询
  • CALIS
  • 我的图书馆
  • 登录
  • 详细信息显示
  • 放入我的书架
  • 预约/预借图书
  • 作者相关作品
  • 分类相关作品
  • 丛书相关作品
  • 出版社相关作品

书目信息

  • 表格格式
  • 工作单格式
  • 卡片格式
题名:
史上第一混乱
    
 
作者: 张小花 著
分册: 第三季   武林大会
出版信息: 合肥   黄山书社  2009.04
页数: 305页
开本: 24cm
丛书名:
单 册:
中图分类: I247.5
科图分类:
主题词: 长篇小说--chang pian xiao shuo--中国--当代
电子资源:
ISBN: 978-7-5461-0470-6
 
 
 
 
 
000 00879nam0 2200229 450
001 012010958043
005 20100529165559.89
010    @a978-7-5461-0470-6@dCNY26.80
100    @a20100427d2009 em y0chiy0120 ea
101 0  @achi
102    @aCN@b340000
105    @ay z 000ay
106    @ar
200 1  @a史上第一混乱@Ashi shang di yi hun luan@h第三季@i武林大会@f张小花著@Fzhang xiao hua zhu
210    @a合肥@c黄山书社@d2009.04
215    @a305页@d24cm
330    @a本书讲述了我,小强,没招谁没惹谁,被一个名叫刘老六的神仙老头忽悠成了神仙预备役,也就是见习神仙,专门接待穿越而来的历史大佬。育才文武学校参加全国武术大赛,为了不使身份暴露,来历不明的好汉只得装傻充愣,笑料不断....
606 0  @a长篇小说@Achang pian xiao shuo@y中国@z当代
690    @aI247.5@v4
701  0 @a张小花@Azhang xiao hua@4著
801  0 @aCN@bQSSK@c20100529
905    @b779071-73@dI247.5@eZ212@f3
    
    史上第一混乱.第三季.武林大会/张小花著.-合肥:黄山书社,2009.04
    305页;24cm
    
    
    ISBN 978-7-5461-0470-6:CNY26.80
    本书讲述了我,小强,没招谁没惹谁,被一个名叫刘老六的神仙老头忽悠成了神仙预备役,也就是见习神仙,专门接待穿越而来的历史大佬。育才文武学校参加全国武术大赛,为了不使身份暴露,来历不明的好汉只得装傻充愣,笑料不断....
●
相关链接 在E读中查询图书 在当当中查询图书 在豆瓣中查询图书


正题名:史上第一混乱     索取号:I247.5/Z212         预约/预借

序号 登录号 条形码 馆藏地/架位号 状态 备注
1 779071   207790719   文学库108/ [索取号:I247.5/Z212] 已借出,限还日期为2037.02.16
借出人:中级法院  
 
2 779072   207790728   社科二线422/422社科库 5排2列1层/ [索取号:I247.5/Z212] 在馆    
3 779073   207790737   社科二线422/422社科库 5排2列1层/ [索取号:I247.5/Z212] 在馆    
河南城建学院图书馆 欢迎您!
大连网信软件有限公司© 版权所有